000 00621nam a2200217Ia 4500
001 6739
003 GE_BSU
008 181216s||||||||xx |||||||||||||| ||und||
040 _cGE_BSU
080 _a821.353.1-1
100 _aგვეტაძე,ვასილ.
245 _aშემოღამება საპუნგორაზე.
245 _bლექსები.
245 _cრედ:გრ.ჯულუხიძე.
260 _aთბილისი.
260 _bმერანი.
260 _c1973.
300 _a121გვ;17სმ.
653 _aლექსები.
942 _cBK
999 _c40133
_d40133